SERVICE INNOVATION HANDBOOK ACTION ORIEN (Record no. 29365)

MARC details
000 -LEADER
fixed length control field 00342nam a2200133Ia 4500
008 - FIXED-LENGTH DATA ELEMENTS--GENERAL INFORMATION
fixed length control field 240624s9999 xx 000 0 und d
041 ## - LANGUAGE CODE
Language code of text/sound track or separate title eng
082 ## - DEWEY DECIMAL CLASSIFICATION NUMBER
Classification number 658.4063 KIM
100 ## - MAIN ENTRY--PERSONAL NAME
Personal name KIMBELL LUCY
245 ## - TITLE STATEMENT
Title SERVICE INNOVATION HANDBOOK ACTION ORIEN
260 ## - PUBLICATION, DISTRIBUTION, ETC.
Date of publication, distribution, etc. 2016
Place of publication, distribution, etc. Amsterdam
Name of publisher, distributor, etc. BIS Publishers
300 ## - PHYSICAL DESCRIPTION
Extent 240 p.; 22 cm.
365 ## - TRADE PRICE
Currency code RS
Holdings
Withdrawn status Lost status Damaged status Not for loan Home library Current library Shelving location Date acquired Cost, normal purchase price Full call number Barcode Date last seen Price effective from Koha item type
        IMTN IMTN Rack 31-B 10/11/2017 1774.00 658.4063 KIM 29365 06/24/2024 06/24/2024 Books
Designed & Maintained by: LRC IMT Nagpur Contact: lrc@imtnag.ac.in© 2024. All Rights Reserved.